000 01356nam0a22002891 4500
001 rc\4861708
005 20250612195739.0
021 _aRU
_b[59-74680]
035 _a(NLR Aleph) 008819095
090 _a8210479
_c8210479
100 _a20130426d1959 |||y0rusy50 ca
101 1 _arus
_cbak
102 _aRU
105 _ay z |||a|
200 1 _aПовести и рассказы
_eПер. с башк.
210 _aМосква
_cСов. писатель
_d1959
215 _a256 с.
_d17
300 _aНа переплете загл.: Рассказы
327 1 _aСодерж.: Третье прозвище; Гора Фирюзы; Попутчицы; В пути; Рыболовы; Красный пояс; Дом с невестой; Бабушка Рашида; Зифа-апай; Бабушка Майгуль, и другие рассказы
464 0 _12001#$aТретье прозвище$aГора Фирюзы$aПопутчицы$aВ пути$aРыболовы$aКрасный пояс$aДом с невестой$aБабушка Рашида$aЗифа-апай$aБабушка Майгуль
_tБабушка Майгуль
517 0 _aРассказы
700 1 _aМэргэн
_bК.
_f1912-1984
_gКирей
801 0 _aRU
_bNLR
_gpsbo
801 1 _aRU
_bELAR
_2rusmarc
852 _aNLR
_j59-2/2761
942 _cBOOK
980 _aNB